000 01035nam a2200253 a 4500
001 84096
003 BD-RjUL
005 20241009102639.0
008 241009s2020 bg a|||| m||| 00| 0 eng d
035 _a(BD-RjUL)84096
040 _aBD-RjUL
_beng
_cBD-RjUL
_dBD-RjUL
041 _aeng
082 _223
_a332.12
_bMOS 2020
100 _aMoulic, Raj Kumar
_913757
245 1 0 _aSmall and Medium Enterprises Financing by the Commercial Banks in Bangladesh :
_bAn Evaluation /
_cBy Raj Kumar Moulic ;
_6Principal Supervisor : Subhash Chandra Sil, Co-Supervisor : Madan Mohan Dey
260 _aRajshahi :
_bDepartment of Fisheries Faculty of Agriculture, University of Rajshahi,
_c2020
300 _axxiv, 315 Leaves :
_bill, ;
_c29 cm.
502 _aDepartment of Accouniting and Information Systems, University of Rajshahi, 2020
504 _aReferences : Leaves 265-294
650 _aCommercial Banks
700 _aSil, Subhash Chandra, Principal Supervisor
_913758
700 _aDey, Madan Mohan, Co-Supervisor
942 _2ddc
_cTHE
999 _c84096
_d84096